000 01408nam a2200277 i 4500
003 DO-SdBNP
005 20250529092848.0
007 ta
008 250529b2001 dr ||||| |||| 00| 0 spa d
020 _a999340246X
040 _aDO-SdBNP
_bspa
_cBNPHU
_erda
082 _axxxx
_bL579
_222
100 _aLeón Miranda, Leonardo de,
_d1970-
_eautor
_4aut.
_934511
245 1 3 _aEl secreto de los líderes :
_bestrategias usadas por grandes figuras para alcanzar el éxito /
_cLeonardo de León Miranda
250 _aPrimera edición
264 1 _aSanto Domingo :
_bEditora Corripio,
_c2001.
300 _a188 páginas ;
_c23 cm.
336 _atexto
_btxt
_2rdacontent
337 _asin mediación
_bn
_2rdamedia
338 _avolumen
_bnc
_2rdacarrier
500 _aIncluye datos biografícos del autor en la contracubierta.
520 _aEn esta obra se ha preparado un estudio minucioso sobre las decisiones que han trascendido de manera favorable en las vidas de grandes hombres, pero también acerca de aquellas que les han catapultado. Este compendio, pues, constituye una herramienta que permitirá al lector crecer dentro de sí mismo, para entonces alcanzar el éxito en el área en que lo desea. Ello, por supuesto, disfrutando de cada logro en el trayecto y superando los obstáculos con gracia y fortaleza interior.
590 _aInventariado, 2025/ YL
910 _aYLockward
942 _2ddc
_cLBS1
999 _c59094
_d59094